| 000 | 00737nam a22002057a 4500 | ||
|---|---|---|---|
| 999 |
_c7440 _d7440 |
||
| 003 | AR-CdUCM | ||
| 008 | 190320b ||||| |||| 00| 0 spa d | ||
| 040 |
_aMUNICIPALIDAD PROVINCIAL DEL CUSCO _cBIBLIOTECA MUNICIPAL DEL CUSCO |
||
| 082 |
_a625.7 / _bC96 |
||
| 100 |
_aCusa, Juan de _920981 |
||
| 245 | _aPavimentos en la Construccion / | ||
| 260 |
_aEspaña : _bCEAC , _c1978. |
||
| 300 |
_a368 páginas ; _c21.5 cm. |
||
| 505 | _aContenido : Piedra Natural -- Piedra Pulimentada -- Piedra Regenerada -- Piedra Artificial -- Asfalto -- Ceramica -- Corcho -- Vidrio -- Metal... | ||
| 650 |
_aMateriales de Construccion _919633 |
||
| 650 |
_aPavimentacion _920982 |
||
| 650 |
_aPavimentos _920983 |
||
| 942 |
_2ddc _cLIBROS |
||
| 945 | _artm | ||